English Dictionary Spanish Edition (Registro nro. 2056)

Detalles MARC
000 -LEADER
fixed length control field 01317nam a22002057a 4500
003 - CONTROL NUMBER IDENTIFIER
control field OSt
005 - DATE AND TIME OF LATEST TRANSACTION
control field 20260408105620.0
008 - FIXED-LENGTH DATA ELEMENTS--GENERAL INFORMATION
fixed length control field 260408b |||||||| |||| 00| 0 SPA d
082 ## - DEWEY DECIMAL CLASSIFICATION NUMBER
Edition number 8449422973
100 ## - MAIN ENTRY--PERSONAL NAME
Personal name Merriam-Webster Inc. y Longman Group Ltd..
245 ## - TITLE STATEMENT
Title English Dictionary Spanish Edition
250 ## - EDITION STATEMENT
Edition statement 1RA EDICION
260 ## - PUBLICATION, DISTRIBUTION, ETC.
Place of publication, distribution, etc. Barcelona-España
Name of publisher, distributor, etc. Editorial Océano
Date of publication, distribution, etc. 1992.
300 ## - PHYSICAL DESCRIPTION
Extent 1071 páginas.
Dimensions 26cm
490 ## - SERIES STATEMENT
Materials specified tapa dura encuadernación de lujo
Series statement con CD-ROM
520 ## - SUMMARY, ETC.
Summary, etc. Clarificar el léxico: Define términos complejos de forma sencilla, incluyendo neologismos, tecnicismos y modismos actuales.<br/>Perfeccionar la gramática: Guía al usuario en el uso correcto de estructuras, verbos compuestos (phrasal verbs) y colocaciones comunes.<br/>Fomentar la autonomía: Busca que el lector desarrolle la capacidad de pensar en inglés al ofrecer ejemplos de uso en contextos reales.<br/>Apoyar el aprendizaje multimedia: Complementa la consulta textual con recursos interactivos (en sus versiones con CD-ROM) para mejorar la pronunciación y la retención visual.
650 ## - SUBJECT ADDED ENTRY--TOPICAL TERM
Topical term or geographic name entry element Categoría Gramatical , Definición Monolingüe , Ejemplos de Uso
Form subdivision Audios de Pronunciación:
General subdivision Sección Preliminar , Cuerpo del Diccionario, Anexos y Apéndices
700 ## - ADDED ENTRY--PERSONAL NAME
Personal name Longman Group Ltd..
942 ## - ADDED ENTRY ELEMENTS (KOHA)
Source of classification or shelving scheme Dewey Decimal Classification
Koha item type Acceso Libre
Suppress in OPAC No
Existencias
Withdrawn status Lost status Source of classification or shelving scheme Damaged status Not for loan Collection Home library Current library Shelving location Date acquired Source of acquisition Coded location qualifier Inventory number Total checkouts Full call number Barcode Date last seen Copy number Price effective from Koha item type
    Dewey Decimal Classification     Estantería E Fila 3 Biblioteca Stanford Biblioteca Stanford Biblioteca Abierta 08.04.2026 IDIOMAS 0480 0480   INGLES IDIOMA0480 08.04.2026 1 08.04.2026 Acceso Libre
Bienvenido a nuestra Biblioteca